La prospettiva protestante
| Main Author: | |
|---|---|
| Format: | Print Article |
| Language: | Italian |
| Check availability: | HBZ Gateway |
| Interlibrary Loan: | Interlibrary Loan for the Fachinformationsdienste (Specialized Information Services in Germany) |
| Published: |
2002
|
| In: |
Rivista di teologia morale
Year: 2002, Issue: 134, Pages: 183-189 |
| Standardized Subjects / Keyword chains: | B
Fundamentalism
/ Protestantism
B Fundamentalism / Theological ethics |
| IxTheo Classification: | CC Christianity and Non-Christian religion; Inter-religious relations KDD Protestant Church KDJ Ecumenism NCA Ethics |
| Further subjects: | B
Protestanism
B Fundamentalism B Natural law B Natural Law B Tolerance B Protestantism B Grotius,Hugo |
MARC
| LEADER | 00000caa a22000002c 4500 | ||
|---|---|---|---|
| 001 | 596829949 | ||
| 003 | DE-627 | ||
| 005 | 20241210173308.0 | ||
| 007 | tu | ||
| 008 | 090404s2002 xx ||||| 00| ||ita c | ||
| 035 | |a (DE-627)596829949 | ||
| 035 | |a (DE-576)466734956 | ||
| 035 | |a (DE-599)GBV596829949 | ||
| 040 | |a DE-627 |b ger |c DE-627 |e rakwb | ||
| 041 | |a ita | ||
| 084 | |a 1 |2 ssgn | ||
| 100 | 1 | |0 (DE-588)127048448 |0 (DE-627)69513387X |0 (DE-576)296124346 |4 aut |a Bertalot, Renzo |d 1929-2015 | |
| 109 | |a Bertalot, Renzo 1929-2015 | ||
| 245 | 1 | 3 | |a La prospettiva protestante |c Renzo Bertalot |
| 264 | 1 | |c 2002 | |
| 336 | |a Text |b txt |2 rdacontent | ||
| 337 | |a ohne Hilfsmittel zu benutzen |b n |2 rdamedia | ||
| 338 | |a Band |b nc |2 rdacarrier | ||
| 601 | |a Protestant | ||
| 650 | 4 | |a Fundamentalismus | |
| 650 | 4 | |a Protestantismus | |
| 650 | 4 | |a Naturrecht | |
| 650 | 4 | |a Toleranz | |
| 650 | 4 | |a Grotius,Hugo | |
| 650 | 4 | |a Fundamentalism | |
| 650 | 4 | |a Protestanism | |
| 650 | 4 | |a Natural Law | |
| 650 | 4 | |a Tolerance | |
| 652 | |a CC:KDD:KDJ:NCA | ||
| 689 | 0 | 0 | |d s |0 (DE-588)4137178-1 |0 (DE-627)104458224 |0 (DE-576)209675438 |2 gnd |a Fundamentalismus |
| 689 | 0 | 1 | |d s |0 (DE-588)4047538-4 |0 (DE-627)106194321 |0 (DE-576)20907387X |2 gnd |a Protestantismus |
| 689 | 0 | |5 (DE-627) | |
| 689 | 1 | 0 | |d s |0 (DE-588)4137178-1 |0 (DE-627)104458224 |0 (DE-576)209675438 |2 gnd |a Fundamentalismus |
| 689 | 1 | 1 | |d s |0 (DE-588)4078249-9 |0 (DE-627)106077953 |0 (DE-576)209207957 |2 gnd |a Theologische Ethik |
| 689 | 1 | |5 (DE-627) | |
| 773 | 0 | 8 | |i In |t Rivista di teologia morale |d Bologna : Dehoniane, 1969 |g 34 (2002), H. 134, S. 183-189 |w (DE-627)129889466 |w (DE-600)302207-9 |w (DE-576)015195627 |x 0391-0946 |7 nnas |
| 773 | 1 | 8 | |g year:2002 |g number:134 |g pages:183-189 |
| 889 | |w (DE-627)1645898393 | ||
| 935 | |a mteo | ||
| 935 | |i mdedup | ||
| 951 | |a AR | ||
| ELC | |b 1 | ||
| ITA | |a 1 |t 1 | ||
| LOK | |0 000 xxxxxcx a22 zn 4500 | ||
| LOK | |0 001 3316033742 | ||
| LOK | |0 003 DE-627 | ||
| LOK | |0 004 596829949 | ||
| LOK | |0 005 20241210172459 | ||
| LOK | |0 008 160404||||||||||||||||ger||||||| | ||
| LOK | |0 040 |a DE-Tue135 |c DE-627 |d DE-Tue135 | ||
| LOK | |0 092 |o n | ||
| LOK | |0 852 |a DE-Tue135 | ||
| LOK | |0 852 1 |9 00 | ||
| LOK | |0 935 |a ixzs |a ixmi | ||
| LOK | |0 936ln |0 1442052465 |a NCA | ||
| LOK | |0 936ln |0 1442050047 |a KDD | ||
| LOK | |0 936ln |0 1442043806 |a CC | ||
| LOK | |0 936ln |0 1442050608 |a KDJ | ||
| LOK | |0 939 |a 04-04-16 |b l01 | ||
| ORI | |a SA-MARC-ixtheoa001.raw | ||
| STA | 0 | 0 | |a Fundamentalism,Fundamentalism,Natural law,Natural law,Natural right,Protestantism,Protestantism,Theological ethics,Protestant ethics,Ethics,Tolerance,Tolerance,Religious tolerance |
| STB | 0 | 0 | |a Droit naturel,Droit naturel,Fondamentalisme,Fondamentalisme,Protestantisme,Protestantisme,Tolérance,Tolérance,Éthique théologique,Théologie morale |
| STC | 0 | 0 | |a Derecho natural,Derecho natural,Fundamentalismo,Fundamentalismo,Protestantismo,Protestantismo,Tolerancia,Tolerancia,Ética teológica |
| STD | 0 | 0 | |a Diritto naturale,Diritto naturale,Etica teologica,Integralismo <motivo>,Integralismo,Fondamentalismo,Fondamentalismo,Fondamentalismo (motivo),Fondamentalismo,Protestantesimo,Protestantesimo,Tolleranza,Tolleranza |
| STE | 0 | 0 | |a 基督新教,基督新教,抗罗宗,更正教,抗罗宗,更正教,基要主义,基要主义,基本教义派,原教旨主义,基本教义派,原教旨主义,寛容,寛容,容忍,容忍,神学伦理,自然法 |
| STF | 0 | 0 | |a 基督新教,基督新教,抗羅宗,更正教,抗羅宗,更正教,基要主義,基要主義,基本教義派,原教旨主義,基本教義派,原教旨主義,寛容,寛容,容忍,容忍,神學倫理,自然法 |
| STG | 0 | 0 | |a Direito natural,Direito natural,Fundamentalismo,Fundamentalismo,Protestantismo,Protestantismo,Tolerância,Tolerância,Ética teológica |
| STH | 0 | 0 | |a Богословская этика,Естественное право (мотив),Естественное право,Протестантизм,Протестантизм,Протестантство,Протестантство (мотив),Толерантность (мотив),Толерантность,Фундаментализм (мотив),Фундаментализм |
| STI | 0 | 0 | |a Ανοχή <μοτίβο>,Ανοχή,Ανεκτικότητα,Ανεκτικότητα (μοτίβο),Θεολογική ηθική,Προτεσταντισμός (μοτίβο),Προτεσταντισμός,Φονταμενταλισμός <μοτίβο>,Φονταμενταλισμός,Θεμελιωτισμός,Θεμελιωτισμός (μοτίβο),Φυσικό δίκαιο (μοτίβο),Φυσικό δίκαιο |
| SYE | 0 | 0 | |a Religiöser Fundamentalismus,Religion , Protestantism,Calvinismus,Evangelicalism,Evangelismus,Hugenotten,Lutheraner,Mennoniten,Pietismus,Puritans , Naturrechtslehre,Natürliches Gesetz,Lex naturalis,Sittliches Naturgesetz,Natürliches Sittengesetz,Naturgesetz , Toleranzgedanke,Toleranzidee |
| SYG | 0 | 0 | |a Religiöser Fundamentalismus,Religion , Protestantism,Calvinismus,Evangelicalism,Evangelismus,Hugenotten,Lutheraner,Mennoniten,Pietismus,Puritans , Religiöser Fundamentalismus,Religion , Evangelische Ethik,Evangelische Moraltheologie,Evangelisch-theologische Ethik |